000 00443nam a2200181Ia 4500
008 230524s9999 xx 000 0 und d
020 _a9780198757174
082 _a546
_bWEL
100 _aMark Weller
_942237
245 0 _aInorganic Chemistry
250 _a6
260 _aNew Delhi
_bOxford
_c2010
300 _a"XX,863p;"
500 _aQuantity Number: 1
650 _aChemistry
700 _a"Tina Overton, etl"
_942238
942 _cBK
999 _c56588
_d56588